000 00856nam a22002057a 4500
003 OSt
005 20170608093110.0
008 150408b2016 slv spa
040 _cBMC
082 _a670.42
100 1 _935160
_aGarcia Peñate, Jorge Alberto
245 1 0 _aReglamento interno de trabajo del Centro Educativo Católico Juan XXIII
_b: proyecto
_cJorge Alberto García Peñate
260 _aSanta Ana (El Salvador)
_bUniversidad Católica de El Salvador
_c2016
300 _a66 h.
_bil.
_c28 cm
_e+ 1 disco compacto
500 _aPrecede al tít.: Universidad Católica de El Salvador, Facultad de Ingeniería y Arquitectura
502 _aPara optar al título de: Ingeniero Industrial
650 2 4 _919919
_aIngeniería industrial
710 2 _91166
_aUniversidad Católica de El Salvador
_bFacultad de Ingeniería y Arquitectura
942 _2ddc
_cTG
999 _c25396
_d25396